000
00327 a2200157 4500
001
69306
020
_a
8599007254
040
_c
Anchieta - Itaigara
100
_a
Gouveia, Luis Augusto
240
1
0
_a
Winnie
_l
por
245
1
0
_a
Winnie
300
_a
39
362
0
_a
2005
650
4
_a
Literatura infanto-juvenil
942
_c
BK
999
_c
69306
_d
69306